000 01191nam a2200277Ia 4500
003 OSt
005 20221005105725.0
006 a|||||r|||| 00| 0
007 ta
008 221004b |||||||| |||| 00| 0 hin d
020 _a9789388107099 (hbk)
_cINR 800.00
024 _a43096
037 _b57, 20/02/2019, Mallika Books
_cTextual
040 _aCRL
_cCRL
_bhin
041 _2hin
_ahin
082 _aO152,1N:g(W94), P4;Q8
100 _aमिश्र, नरेश, संपा.
245 0 _aआधुनिक हिन्दी राष्ट्रीय काव्य - धारा
_b राष्ट्रीयता और मानवतावाद
246 _aĀdhunik hindī rāṣhṭrīya kāvya - dhārā: rāṣhṭrīyatā aur mānavatāvāda
260 _aनई दिल्ली
_bसंजय प्रकाशन भारत
_c2018
300 _a260पृ0
_ccm.
650 _a हिन्दी साहित्य
650 _aहिन्दी कविता
942 _hO152,1N:g(W94), P4;Q8
_cTEXL
_2cc
999 _c1016713
_d1016713